Cukríky pre superinvestora

Ministerská agentúra mení taktiku lákania zahraničných podnikov. Peniaze majú dostať len tí, ktorí by inak neprišli. Agantúra SARIO chce zmeniť meno. Výrobou na nezamestnanosť. Prečo firmy investujú.

Guardado en:
Detalles Bibliográficos
Autor principal: Jesný, Martin
Formato: Capítulo de libro
Lenguaje:eslovaco
Materias:
Etiquetas: Agregar Etiqueta
Sin Etiquetas, Sea el primero en etiquetar este registro!

MARC

LEADER 00000naa a2200000 4500
001 0128181
005 20231113072738.7
041 0 |a slo 
044 |a SK 
245 1 0 |a Cukríky pre superinvestora  |c Martin Jesný 
520 |a Ministerská agentúra mení taktiku lákania zahraničných podnikov. Peniaze majú dostať len tí, ktorí by inak neprišli. Agantúra SARIO chce zmeniť meno. Výrobou na nezamestnanosť. Prečo firmy investujú. 
610 2 0 |a investície zahraničné 
610 2 0 |a investori 
610 2 0 |a Slovensko 
100 1 |a Jesný, Martin